000 00782nas a2200253 454500
001 36056
005 20260407193509.0
008 260407s1977####ag###########|||spa#d
003 AR-UNSa-BCEJYS
040 _aAR-UNSa-BCEJYS
_bspa
_cAR-UNSa-BCEJYS
080 _a339.5
_xComercio exterior. Comercio Internacional
245 1 0 _aComex
_pSemanario de comercio exterior
022 _a0325-2574
264 1 _aBuenos Aires :
_bCOMEX
_c1977
310 _aFrecuencia: Semanal
041 _aspa
942 _cSER
590 _aniveau_biblio:s niveau_hierar:1
100 1 _aReyna, Rodolfo
650 _aCOMERCIO EXTERIOR
650 _aECONOMIA INTERNACIONAL
650 _aEXPORTACIONES
856 4 1 _uhttps://biblioeco.unsa.edu.ar/pmb/images/revistas/comex.jpg
_yImagen de portada
_qimage/jpeg
999 _c8776
_d8776